| 000 | 00601nam a22001697a 4500 | ||
|---|---|---|---|
| 008 | 230328b |||||||| |||| 00| 0 eng d | ||
| 020 | _a0-07-062091-1 | ||
| 040 |
_aNational Science Library _cNational Science Library |
||
| 080 |
_aD 681.324 _bP6 |
||
| 245 |
_aNational conference on broadband communication systems September 1-3, 2006 _c/Vishwakarma Institute of Information Technology |
||
| 260 |
_aNew Delhi: _bTata McGraw-Hill Publihing Company Limited, _c2007 |
||
| 300 | _axx, 348p. | ||
| 650 | _aCommunication | ||
| 653 | _aBroadband | ||
| 700 | _aKhurjekar, M J (Ed.) | ||
| 942 |
_2udc _cPR |
||
| 999 |
_c16074 _d16074 |
||